00858cam a22002531 45000010008000000030004000080050017000120080041000290100017000700350019000870400025001060420012001310820020001431000049001632450039002122600053002513000022003044100070003266510037003969060045004339420012004789990015004909520099005059823433OSt20230620155018.0750910s1959 ilu 000 0 eng  a 59006733  a(OCoLC)1615342 aDLCcOTUdOCoLCdDLC apremarc a325.342096bCOH1 aCohen, A. B.q(Andrew Benjamin),d1909-1968.10aBritish policy in changing Africa. aEvanston,bNorthwestern University Pressc[1959] ax, 116 p.c24 cm.20aNorthwestern University (Evanston, Ill.)tAfrican studies,vno. 2 0aGreat BritainxColonieszAfrica. a7bcbccoclcrplduencipf19gy-gencatlg 2ddccBK c1882d1882 00102ddc4070a002b002d2023-06-20l0o325.342096 COHp10000137r2023-06-20w2023-06-20yBK